Prerozdeľovanie na pokračovanie

Prerozdeľovanie v systéme povinného zdravotného poistenia na Slovensku. Porovnanie modelu fungujúceho doteraz s navrhovaným poslaneckým modelom. Pohľad na prerozdeľovanie finančných prostriedkov v praxi.

Salvato in:
Dettagli Bibliografici
Autore principale: Krištofičová, Dagmar
Natura: Capitolo di libro
Lingua:slovacco
Soggetti:
Tags: Aggiungi Tag
Nessun Tag, puoi essere il primo ad aggiungerne!!

MARC

LEADER 00000naa a2200000 4500
001 r045884
005 20230920074753.7
041 0 |a slo 
044 |a SK 
245 1 0 |a Prerozdeľovanie na pokračovanie  |c Dagmar Krištofičová 
520 |a Prerozdeľovanie v systéme povinného zdravotného poistenia na Slovensku. Porovnanie modelu fungujúceho doteraz s navrhovaným poslaneckým modelom. Pohľad na prerozdeľovanie finančných prostriedkov v praxi. 
610 2 0 |a poistenie sociálne 
610 2 0 |a poistenie zdravotné 
610 2 0 |a financie verejné 
610 2 0 |a zdravotníctvo 
610 2 0 |a reformy 
610 2 0 |a Slovensko 
100 1 |a Krištofičová, Dagmar